El hombre en la prehistoria / [por] Chester S. Chard ; tr. por Ignacio Zapata Tellechea

Saved in:
Bibliographic Details
Main Author: Chard, Chester S. (autor)
Format: Book
Edition:3a edición
Series:Hombre y sociedad ; 6
Subjects:
Tags: Add Tag
No Tags, Be the first to tag this record!

MARC

LEADER 00000nam^a2200000^u^4500
001 000537703
005 20250521000000.0
008 060220s1000^^^^^^^^^^^^r^^^^^000^0^spa^d
009 20260310131104.95
035 |a FMI 000004038 
037 |a Acervo Xavier Clavigero 
096 |a 8.4/2/C 
100 |a Chard, Chester S.  |e (autor) 
245 1 3 |a El hombre en la prehistoria / [por] Chester S. Chard ; tr. por Ignacio Zapata Tellechea 
250 |a 3a edición 
264 |a Navarra : Verbo Divino, 1982 
300 |a 328 p. 
336 |a texto  |b txt  |2 rdacontenido 
337 |a sin mediación  |b n  |2 rdamedio 
338 |a volumen  |b nc  |2 rdasoporte 
440 0 |a Hombre y sociedad ; 6 
597 |a Trad. del inglés (Man in prehistory"). 
649 |a XX 
650 |a ANTROPOLOGIA 
910 |a Fondo Francisco Migoya Covarrubias S.J. 
920 |a Impresos - Libros 
930 |a Fondos Especiales 
905 |a 134 
901 |a SBC10277  |b IT2  |c ESP  |u 20250521 
902 |a https://opac.biblio.iteso.mx/vufind/Record/000537703